Sports Quiz

Random Sports or NFL Quiz

NFL Teams Quiz Stats

 Plays Quiz not verified by Sporcle

Score 0/32 Timer 07:00
0 Plays Today
% Correct
Atlanta Falcons
90%
Philadelphia Eagles
90%
New York Giants
90%
Washington Redskins
90%
Cleveland Browns
90%
Indianapolis Colts
90%
New England Patriots
90%
Pittsburgh Steelers
90%
Baltimore Ravens
90%
New York Jets
90%
Cincinnati Bengals
90%
Buffalo Bills
90%
Green Bay Packers
80%
Chicago Bears
80%
Dallas Cowboys
80%
Arizona Cardinals
80%
% Correct
St. Louis Rams
80%
Minnesota Vikings
80%
Seattle Seahawks
80%
New Orleans Saints
80%
Carolina Panthers
80%
San Diego Chargers
80%
Jacksonville Jaguars
80%
Houston Texans
80%
Detroit Lions
70%
Miami Dolphins
70%
Kansas City Chiefs
70%
Denver Broncos
70%
Tampa Bay Buccaneers
60%
Tenessee Titans
40%
San Franscisco 49ers
0%
Okland Raiders
0%

You're not logged in!

Compare scores with friends on all Sporcle quizzes.
OR
Log In

Show Comments

Extras

Created Feb 17, 2012ReportNominate
Tags:NFL Quiz, team

Top Quizzes Today


Score Distribution

Your Account Isn't Verified!

In order to create a playlist on Sporcle, you need to verify the email address you used during registration. Go to your Sporcle Settings to finish the process.

Report this User

Report this user for behavior that violates our Community Guidelines.

Details: